Cities by ending and a clue - Statistics

General Stats
  • This quiz has been taken 52 times
  • The average score is 13 of 20
Answer Stats
Clue City % Correct
Dutch city on the river Amstel Amsterdam
89%
A type of food usually associated with the US gets its name from this city Hamburg
89%
This city hosted the Eurovision Song Contest in 2021 Rotterdam
85%
Mediterranean city which hosts a famous film festival Cannes
83%
Twin city of Saint Paul Minneapolis
83%
City that has been the capital of Russia Saint Petersburg
83%
Mozart was born here in 1756 Salzburg
83%
The first half of its name is a US state Indianapolis
78%
Named after a US president, but not located on the US Monrovia
74%
Largest city in the Spanish region where Paella comes from Valencia
72%
It hosted the final of the 2010 FIFA World Cup Johannesburg
70%
City on the Volga river. It was renamed in 1961 Volgograd
70%
Russian port city in the Baltic Sea Kaliningrad
57%
City in the south of Brazil located mostly on an island. The first part of its name is related to the Portuguese word for 'flower' Florianópolis
54%
Biggest city in the Crimean peninsula Sevastopol
50%
Major city in Transnistria (Moldova) whose team defeated Real Madrid in a match in 2021 Tiraspol
50%
Capital city of Brittany Rennes
48%
Its name means 'wisdom' in Greek Sofia
35%
A peace was signed here between emperor Charles V (also Charles I of Spain) and the Schmalkaldic League (Protestant German princes) in 1555 Augsburg
20%
Norwegian city close to Stavanger Sandnes
17%
No matching quizzes found
Score Distribution
Percent of People with Each Score
Percentile by Number Answered
Your Score History
You have not taken this quiz